Northernmost things - Statistics

General Stats
  • This quiz has been taken 20 times
  • The average score is 2 of 20
Answer Stats
The northernmost... Answer % Correct
Capital of an independent state Reykjavík
95%
Permanent settlement (military) Alert (Nunavut)
26%
University University of Tromsø
26%
Snake European adder
16%
Permanent settlement (civilian) Ny-Ålesund (Svalbard)
16%
US military base Thule Air Base
16%
Penguin Galápagos penguin
11%
Brewery Svalbard bryggeri (Norway)
11%
Premier League football team Tromsø IL (Tromsø, Norway)
11%
Ice hockey elite league team Luleå HF (Sweden)
5%
Shipwreck (known) Breadalbane (Beechey Island, Nunavut)
0%
Main road E69 (North Cape, Norway)
0%
Spaceport Esrange Space Center (Kiruna, Sweden)
0%
Heavy metal music festival Iskald (Alta, Norway)
0%
Sea Lincoln Sea
0%
Medieval stone castle Olavinlinna (Savonlinna, Finland)
0%
UNESCO world heritage site (cultural) Struve Geodetic Art (Hammerfest, NOR)
0%
Lake The North Pool (a.k.a. Lake North Pole)
0%
Car testing center White Hell (Inari, Finland)
0%
UNESCO world heritage site (natural) Wrangel Island Reserve (Russia)
0%
No matching quizzes found
Score Distribution
Percent of People with Each Score
Percentile by Number Answered
Your Score History
You have not taken this quiz